Measurement matters (Record no. 121404)

MARC details
000 -LEADER
fixed length control field 00990cam a22002055a 4500
008 - FIXED-LENGTH DATA ELEMENTS--GENERAL INFORMATION
fixed length control field 230321s2020 xxk fo 000 0 eng d
041 0# - LANGUAGE CODE
Language code of text/sound track or separate title eng
110 2# - MAIN ENTRY--CORPORATE NAME
Corporate name or jurisdiction name as entry element Royal Institution of Chartered Surveyors
9 (RLIN) 4900
245 00 - TITLE STATEMENT
Title Measurement matters
Remainder of title Why ask for a property measurement to RICS standards?
Medium [withdrawn]
260 ## - PUBLICATION, DISTRIBUTION, ETC.
Place of publication, distribution, etc. London
Name of publisher, distributor, etc. RICS
Date of publication, distribution, etc. 2020
490 ## - SERIES STATEMENT
Series statement RICS Consumer Guide
520 ## - SUMMARY, ETC.
Summary, etc. This consumer guide aims to ensure consistency in the measurement of residential property for sales and letting purposes to avoid new buyers and renters paying more than they should for a property based on inaccurate floorplans.
520 ## - SUMMARY, ETC.
Summary, etc. Supersedes the by 2018 edition
520 ## - SUMMARY, ETC.
Summary, etc. Withdrawn on issuance of the new Home Survey Standard, no new edition planned. Note there is no longer a test or certificate for surveyors for measuring.
650 24 - SUBJECT ADDED ENTRY--TOPICAL TERM
Topical term or geographic name entry element FLOORPLANS
651 #4 - SUBJECT ADDED ENTRY--GEOGRAPHIC NAME
Geographic name United Kingdom
690 ## - LOCAL SUBJECT ADDED ENTRY--TOPICAL TERM (OCLC, RLIN)
Topical term or geographic name as entry element Measurement
9 (RLIN) 6256
690 ## - LOCAL SUBJECT ADDED ENTRY--TOPICAL TERM (OCLC, RLIN)
Topical term or geographic name as entry element Residential property
9 (RLIN) 6266
942 ## - ADDED ENTRY ELEMENTS (KOHA)
Suppress in OPAC 0
Source of classification or shelving scheme Dewey Decimal Classification
Holdings
Withdrawn status Lost status Source of classification or shelving scheme Damaged status Not for loan Home library Current library Shelving location Date acquired Total Checkouts Full call number Date last seen Price effective from Koha item type Public note
    Dewey Decimal Classification     Virtual Virtual Online 21/03/2023   ONLINE PUBLICATION 09/06/2023 21/03/2023 Online material Please contact [email protected] to request a digital copy of this withdrawn guide